[Event "Innsbruck op-A 2nd"]
[Site "Innsbruck"]
[Date "2018.08.26"]
[Round "3"]
[White "Khalakhan, Jurij"]
[Black "Kilgus, Georg"]
[Result "0-1"]
[WhiteElo "2201"]
[BlackElo "2415"]
[PlyCount "134"]
[EventDate "2018.08.24"]
[EventType "swiss"]
[EventRounds "9"]
[EventCountry "AUT"]
[SourceTitle "CBM 186 Extra"]
[Source "ChessBase"]
[SourceDate "2018.08.24"]
[SourceVersion "1"]
[SourceVersionDate "2018.08.24"]
[SourceQuality "1"]

1. e4 d6 2. d4 Nf6 3. Nc3 g6 4. f4 Bg7 5. Nf3 0-0 6. e5 Nfd7 7. h4 c5 8. h5 cxd4 9. hxg6 dxc3 10. gxf7+ Rxf7 11. Bc4 e6 12. Ng5 Nxe5 13. Qh5 h6 14. fxe5 hxg5 15. Qh7+ Kf8 16. Qh8+ Bxh8 17. Rxh8+ Kg7 18. Rxd8 Nc6 19. Rxd6 Nxe5 20. Be2 Rc7 21. bxc3 Nf7 22. Rd3 e5 23. Rg3 Kg6 24. Bd2 Bf5 25. 0-0-0 Rh8 26. Bxg5 Nxg5 27. Rd6+ Be6 28. Rxe6+ Kf5 29. Rd6 Rh1+ 30. Kb2 Re1 31. Bb5 Kf4 32. Rgd3 e4 33. R3d5 Rg7 34. Rf6+ Kg3 35. Rff5 Ne6 36. Rde5 Nf4 37. Re8 Nxg2 38. Rfe5 a6 39. Bc4 Ne3 40. Bd3 Nd1+ 41. Kb3 e3 42. c4 Rf7 43. c5 Kf4 44. Re4+ Kf3 45. R4e7 Rxe7 46. Rxe7 Nf2 47. Rf7+ Kg3 48. Kc4 Ra1 49. Rg7+ Kf4 50. Rf7+ Kg5 51. Re7 Nxd3 52. cxd3 Kf4 53. Rf7+ Kg3 54. Rg7+ Kf2 55. Rf7+ Ke1 56. Rxb7 e2 57. Re7 Kd2 58. c6 e1Q 59. Rxe1 Rxe1 60. d4 Rc1+ 61. Kd5 Kd3 62. Kd6 Kxd4 63. c7 a5 64. a4 Rc4 65. Kd7 Kc3 66. c8Q Rxc8 67. Kxc8 Kb4 0-1

[Event "Innsbruck op-A 2nd"]
[Site "Innsbruck"]
[Date "2018.08.24"]
[Round "1"]
[White "Khalakhan, Jurij"]
[Black "Harutjunyan, Gevorg"]
[Result "0-1"]
[WhiteElo "2201"]
[BlackElo "2441"]
[PlyCount "112"]
[EventDate "2018.08.24"]
[EventType "swiss"]
[EventRounds "9"]
[EventCountry "AUT"]
[SourceTitle "CBM 186 Extra"]
[Source "ChessBase"]
[SourceDate "2018.08.24"]
[SourceVersion "1"]
[SourceVersionDate "2018.08.24"]
[SourceQuality "1"]

1. e4 c6 2. d3 g6 3. g3 Bg7 4. Bg2 d6 5. f4 Nd7 6. Nf3 e5 7. a4 Ne7 8. Na3 Nc5 9. fxe5 dxe5 10. Nc4 Bg4 11. 0-0 0-0 12. Be3 Ne6 13. Qd2 Bxf3 14. Rxf3 f5 15. c3 f4 16. gxf4 exf4 17. Bf2 b5 18. axb5 cxb5 19. Na3 Qd7 20. h4 g5 21. Bh3 h5 22. Bxe6+ Qxe6 23. Bc5 Ng6 24. hxg5 Nh4 25. Rf2 Qg4+ 26. Kh1 Qh3+ 27. Kg1 Rad8 28. d4 Qg3+ 29. Kh1 Nf3 30. Rxf3 Qxf3+ 31. Qg2 Qd3 32. Bxf8 Rxf8 33. Re1 f3 34. Qf2 b4 35. Nb1 Rf4 36. Nd2 bxc3 37. bxc3 Qxc3 38. e5 Qc8 39. Kh2 Qf5 40. Re3 Rxd4 41. Nxf3 Rc4 42. Kg2 Rc2 43. Re2 Qg4+ 44. Kf1 Rc1+ 45. Ne1 Rc7 46. Qg2 Rf7+ 47. Kg1 Qd4+ 48. Kh1 Qh4+ 49. Kg1 Qd4+ 50. Kh1 Rf4 51. Nf3 Qd1+ 52. Kh2 Qd3 53. e6 Rxf3 54. e7 Rh3+ 55. Kg1 Qd1+ 56. Qf1 Rh1+ 0-1

[Event "AUT-ch"]
[Site "Vienna"]
[Date "2018.07.29"]
[Round "9"]
[White "Steiner, Adam"]
[Black "Khalakhan, Jurij"]
[Result "1-0"]
[WhiteElo "2174"]
[BlackElo "2215"]
[PlyCount "103"]
[EventDate "2018.07.22"]
[EventType "swiss"]
[EventRounds "9"]
[EventCountry "AUT"]
[SourceTitle "CBM 185 Extra"]
[Source "ChessBase"]
[SourceDate "2018.07.29"]
[SourceVersion "1"]
[SourceVersionDate "2018.07.29"]
[SourceQuality "1"]

1. e4 b6 2. d4 Bb7 3. Bd3 e6 4. Nf3 Nf6 5. Qe2 d5 6. e5 Nfd7 7. Bg5 Be7 8. Bxe7 Qxe7 9. 0-0 c5 10. c3 Nc6 11. a3 g5 12. Qe3 g4 13. Ng5 cxd4 14. cxd4 Nxd4 15. Nxf7 Nf3+ 16. gxf3 Qxf7 17. fxg4 d4 18. Qg3 Rg8 19. f4 Rxg4 20. Qxg4 0-0-0 21. Qh3 Rg8+ 22. Kf2 Qxf4+ 23. Ke2 Rg2+ 24. Kd1 Qxe5 25. Nd2 Rxh2 26. Rc1+ Kd8 27. Qg4 Rxd2+ 28. Kxd2 Qe3+ 29. Kc2 Qxd3+ 30. Kxd3 Ne5+ 31. Kxd4 Nxg4 32. Rf8+ Ke7 33. Rg8 e5+ 34. Kc3 Bf3 35. Rf1 Be2 36. Re1 Bf3 37. Rg7+ Kf6 38. Rxh7 a5 39. Rh8 Kg5 40. Rb8 Kf4 41. Rxb6 e4 42. Ra6 Kg3 43. Rxa5 Kf2 44. Ra1 Ne3 45. Re5 Ng4 46. Re6 e3 47. a4 e2 48. a5 Ne3 49. Rxe3 Kxe3 50. b4 Bc6 51. a6 Ba4 52. Re1 1-0

[Event "AUT-ch"]
[Site "Vienna"]
[Date "2018.07.27"]
[Round "7"]
[White "Menezes, Christoph"]
[Black "Khalakhan, Jurij"]
[Result "1-0"]
[WhiteElo "2430"]
[BlackElo "2215"]
[PlyCount "85"]
[EventDate "2018.07.22"]
[EventType "swiss"]
[EventRounds "9"]
[EventCountry "AUT"]
[SourceTitle "CBM 185 Extra"]
[Source "ChessBase"]
[SourceDate "2018.07.29"]
[SourceVersion "1"]
[SourceVersionDate "2018.07.29"]
[SourceQuality "1"]

1. c4 Nf6 2. Nf3 g6 3. Nc3 Bg7 4. e4 d6 5. d4 0-0 6. h3 e5 7. d5 a5 8. Be3 Na6 9. Nd2 Nd7 10. g4 Ndc5 11. Rg1 Bd7 12. a3 a4 13. Qf3 c6 14. g5 Nc7 15. h4 cxd5 16. exd5 Bf5 17. Bxc5 dxc5 18. Bd3 Bxd3 19. Qxd3 Ne6 20. Nde4 Nf4 21. Qc2 b5 22. Nxb5 Rb8 23. 0-0-0 Rxb5 24. cxb5 Qb6 25. Kb1 Qxb5 26. Qxc5 Qb7 27. Qc6 Qb3 28. Qc2 Qb5 29. Nc3 Qb7 30. Nxa4 Rb8 31. Nc5 Qb5 32. a4 Qa5 33. Ne4 Qa8 34. Qc6 Qa5 35. Rge1 Qb4 36. Qc2 Nxd5 37. Qd2 Qb3 38. Qc2 Qb7 39. Nc5 Qa8 40. Qc4 Nb4 41. Rd7 Qf3 42. Ne4 Qf5 43. Red1 1-0